| 000 | 00714nam a22002417a 4500 | ||
|---|---|---|---|
| 003 | SISC | ||
| 005 | 20160301095822.0 | ||
| 008 | 130122t xxu||||| |||| 00| 0 eng d | ||
| 020 | _a04396814188 | ||
| 050 |
_aQ 164 _b.Sc416 2010 |
||
| 050 |
_aQ 164 _b.B829 2004 |
||
| 082 |
_aREF 534.078 _bT531 2010 |
||
| 082 |
_aHS 507.8 _bB74 2004 |
||
| 245 |
_a365 super science experiments with everyday materials / _c Judy Breckenridge ... [et al.] ; illustrated by Frances Zweife |
||
| 260 |
_aHinkler Books : _bAustralia, _c2010. |
||
| 300 |
_a320 p. ; _c24 cm. _bill. : col. ; |
||
| 520 | _a1. Science--Experiments | ||
| 562 | _e1 | ||
| 942 | _2lcc | ||
| 942 |
_2lcc _cBK |
||
| 999 |
_c3851 _d3851 |
||